000 00528nam a2200205Ia 4500
003 OSt
005 20220926043216.0
006 a|||||r|||| 00| 0
007 ta
008 220923b |||||||| |||| 00| 0 eng d
037 _cGeneral Book
040 _aRTL
_cRTL
_beng
041 _2eng
_aeng
082 _aX65:(Z73), H6
100 _aAtkins W E
_9347415
245 0 _aRegulation of the security markets
650 _aInvestment
942 _hX65:(Z73), H6
_cGB
_2CC
999 _c671768
_d671768